| 000 -LEADER |
| fixed length control field |
00641nam a22002057a 4500 |
| 005 - DATE AND TIME OF LATEST TRANSACTION |
| control field |
20220809091128.0 |
| 008 - FIXED-LENGTH DATA ELEMENTS--GENERAL INFORMATION |
| fixed length control field |
220809b ||||| |||| 00| 0 eng d |
| 020 ## - INTERNATIONAL STANDARD BOOK NUMBER |
| International Standard Book Number |
9789810115746 |
| 040 ## - CATALOGING SOURCE |
| Transcribing agency |
KH8 |
| 082 ## - DEWEY DECIMAL CLASSIFICATION NUMBER |
| Classification number |
428.2 COL |
| 100 ## - MAIN ENTRY--PERSONAL NAME |
| Personal name |
Cole, Victor |
| Relator term |
Author |
| 245 ## - TITLE STATEMENT |
| Title |
Essential Grammar : |
| Remainder of title |
book 1 / |
| Statement of responsibility, etc. |
Victor Cole |
| 260 ## - PUBLICATION, DISTRIBUTION, ETC. |
| Place of publication, distribution, etc. |
Singapore: |
| Name of publisher, distributor, etc. |
Marshall Cavendish Education, |
| Date of publication, distribution, etc. |
2010. |
| 300 ## - PHYSICAL DESCRIPTION |
| Extent |
128 p. ; |
| Other physical details |
ill. : |
| Dimensions |
26 cm. |
| 440 ## - SERIES STATEMENT/ADDED ENTRY--TITLE |
| Number of part/section of a work |
bk1. |
| 500 ## - GENERAL NOTE |
| General note |
Essential Grammar book 1 is a revision and practice book specially written for secondary students. |
| 650 ## - SUBJECT ADDED ENTRY--TOPICAL TERM |
| Topical term or geographic name entry element |
English language Grammar |
| 650 ## - SUBJECT ADDED ENTRY--TOPICAL TERM |
| Topical term or geographic name entry element |
Practice |
| 942 ## - ADDED ENTRY ELEMENTS (KOHA) |
| Source of classification or shelving scheme |
|
| Koha item type |
Books - Non Ficton |